000 00432nam a2200181Ia 4500
001 22472
005 20260414150833.0
008 260414t2004||||xx |||||||||||||| ||spa||
041 _aESP
082 _a621.3815
_bR24
100 _aRashid, Muhammad H.
_eAUT
245 0 _aElectrónica de potencia
_b
260 _c2004
300 _axxiv, 877 páginas :
_c23 cm.
650 _aTCA
654 _aCET
942 _cLIB
_dJUS
_fJUS
_2ddc
_n
999 _c22472
_d22472